Footballeurs en L - Statistiques

Statistiques générales
  • Ce quiz a été pris 141 fois
  • Le résultat moyen est 13 sur 20
Statistiques - réponses
Par images Réponse % Correct
Lacazette
98%
Lloris
98%
Lewandowski
93%
Lahm
91%
Lopez
88%
Leao
86%
Lizarazu
85%
Lemar
84%
Lafont
82%
Lovren
74%
Lama
73%
Landreau
71%
Lees-Melou
67%
Lala
64%
Lemoine
45%
Larqué
30%
Luyindula
20%
Laslandes
15%
Letizi
11%
Le Tallec
6%
Aucun quiz correspondant
Distribution des résultats
% des personnes avec chaque résultat
Percentile par nombre de réponses
Votre historique - résultats
Vous n’avez pas pris ce quiz